[Event "XV  MIEDZYNARODOWY FESTIWAL  SZACHOWY "]
[Site "Rewal"]
[Date "2010.08.19"]
[Round "1.1"]
[White "Jaracz, Pawel"]
[Black "Sowul, Bartosz"]
[Result "1-0"]
[WhiteElo "2541"]
[BlackElo "2128"]
[PlyCount "103"]
[EventDate "2010.??.??"]

1. d4 Nf6 2. c4 c5 3. Nf3 cxd4 4. Nxd4 e5 5. Nb5 d5 6. cxd5 Bc5 7. N5c3 O-O 8.
g3 Qb6 9. e3 Rd8 10. Bg2 Bg4 11. Qa4 Na6 12. O-O Nb4 13. Nd2 Bf5 14. Nc4 Qc7
15. e4 Bd7 16. Qb3 a5 17. a3 Nd3 18. Be3 Bxe3 19. Nxe3 Nc5 20. Qc2 a4 21. Rad1
Nb3 22. h3 Qc5 23. Qd3 Ra6 24. Kh2 Ne8 25. f4 f6 26. fxe5 fxe5 27. Nc4 Qe7 28.
Qe3 b5 29. Nb6 Nd6 30. Nxd7 Rxd7 31. Rf2 Nc4 32. Qd3 Qc5 33. Rdf1 g6 34. Nd1
Kg7 35. h4 Rad6 36. Bh3 Ra7 37. Qf3 Rb6 38. Be6 Qe7 39. Qg4 Nd6 40. h5 Nc5 41.
hxg6 hxg6 42. Rf6 Qxf6 43. Rxf6 Kxf6 44. Qh4+ Kg7 45. Qd8 Rba6 46. Qg8+ Kf6 47.
Qf8+ Kg5 48. Nf2 Nxe6 49. dxe6 Rh7+ 50. Kg2 Nc4 51. Qd8+ Kh6 52. Ng4+ 1-0

[Event "XV  MIEDZYNARODOWY FESTIWAL  SZACHOWY "]
[Site "Rewal"]
[Date "2010.08.19"]
[Round "1.2"]
[White "Siwiec, Arkadiusz"]
[Black "Cyborowski, Lukasz"]
[Result "0-1"]
[WhiteElo "2119"]
[BlackElo "2529"]
[PlyCount "66"]
[EventDate "2010.??.??"]

1. e4 c5 2. Nf3 e6 3. d4 cxd4 4. Nxd4 Nc6 5. Nc3 Qc7 6. Be3 Nf6 7. Bd3 a6 8.
O-O Nxd4 9. Bxd4 Bc5 10. Bxc5 Qxc5 11. Qe2 d6 12. Nd1 O-O 13. c4 e5 14. Ne3 Be6
15. Rab1 Rfc8 16. b3 b5 17. Kh1 b4 18. g3 a5 19. f4 exf4 20. gxf4 Re8 21. Qf3
Bd7 22. Nd5 Nxd5 23. cxd5 f5 24. Rbe1 fxe4 25. Bxe4 Qd4 26. Qd3 Qxd3 27. Bxd3
Bh3 28. Rg1 Rac8 29. Bc4 Kf7 30. Ra1 Re3 31. Rgc1 Kf6 32. a3 a4 33. bxa4 b3 0-1

[Event "XV  MIEDZYNARODOWY FESTIWAL  SZACHOWY "]
[Site "Rewal"]
[Date "2010.08.19"]
[Round "1.3"]
[White "Sharapov, Evgeny"]
[Black "Hansson, Hakan"]
[Result "1-0"]
[WhiteElo "2499"]
[BlackElo "2114"]
[PlyCount "113"]
[EventDate "2010.??.??"]

1. e4 e6 2. d4 d5 3. Nc3 Nf6 4. e5 Nfd7 5. f4 c5 6. Nf3 Nc6 7. Be3 cxd4 8. Nxd4
Nxd4 9. Bxd4 a6 10. Qd2 Bc5 11. Bxc5 Nxc5 12. Qd4 Qc7 13. Bd3 Bd7 14. O-O g6
15. Rad1 O-O-O 16. a4 Kb8 17. b3 Rc8 18. Ne2 h5 19. h4 Rhd8 20. Qe3 Be8 21. Nd4
Qb6 22. Rb1 Qb4 23. Rfc1 Nxd3 24. cxd3 Rxc1+ 25. Rxc1 Rc8 26. Rxc8+ Kxc8 27.
Kf2 b5 28. axb5 Bxb5 29. Qc1+ Kd7 30. Ke3 a5 31. Qd2 Qxd2+ 32. Kxd2 Bc6 33. Kc3
Kc7 34. b4 axb4+ 35. Kxb4 Kb6 36. Nf3 Bb5 37. d4 Be8 38. Ng5 Kc6 39. Ka5 Kd7
40. Kb6 Ke7 41. Ka5 Bc6 42. Nh7 Be8 43. Nf6 Bc6 44. g3 Bd7 45. f5 Bc6 46. Kb4
Bb7 47. Kb5 Bc8 48. fxg6 fxg6 49. Kb6 Kf7 50. Kc7 Ba6 51. Kd6 Bd3 52. Nh7 Bf5
53. Ng5+ Ke8 54. Nxe6 Be4 55. Nf4 Kf7 56. Nxd5 Bf5 57. Nf4 1-0

[Event "XV  MIEDZYNARODOWY FESTIWAL  SZACHOWY "]
[Site "Rewal"]
[Date "2010.08.19"]
[Round "1.4"]
[White "Pietocha, Pawel"]
[Black "Koziak, Vitali"]
[Result "0-1"]
[WhiteElo "2113"]
[BlackElo "2470"]
[PlyCount "88"]
[EventDate "2010.??.??"]

1. e4 c5 2. c3 d5 3. exd5 Qxd5 4. d4 Nf6 5. Nf3 Bg4 6. Be2 e6 7. Na3 Nc6 8. Nc2
cxd4 9. Ncxd4 Nxd4 10. Qxd4 Qxd4 11. Nxd4 Bc5 12. Nc2 Ke7 13. Be3 Rac8 14.
Bxc5+ Rxc5 15. Bxg4 Nxg4 16. f3 Re5+ 17. Kf1 Nf6 18. Kf2 g5 19. Rhe1 Rxe1 20.
Rxe1 Rd8 21. Ne3 h5 22. Rd1 Rxd1 23. Nxd1 e5 24. c4 Nd7 25. Nc3 f5 26. Nd5+ Kd6
27. b4 a5 28. bxa5 Kc5 29. Ne7 f4 30. Nc8 Nb8 31. Nb6 Nc6 32. Ke2 Nxa5 33. Nd7+
Kd4 34. Nf6 h4 35. c5 Kxc5 36. Ne4+ Kb4 37. Nxg5 Ka3 38. Nf7 Nc4 39. Kd3 b5 40.
Kc3 Ne3 41. Nxe5 b4+ 42. Kd4 Kxa2 43. Nd3 b3 44. Nc1+ Ka3 0-1

[Event "XV  MIEDZYNARODOWY FESTIWAL  SZACHOWY "]
[Site "Rewal"]
[Date "2010.08.19"]
[Round "1.5"]
[White "Brodowski, Piotr"]
[Black "Guzik, Jolanta"]
[Result "1/2-1/2"]
[WhiteElo "2421"]
[BlackElo "2112"]
[PlyCount "28"]
[EventDate "2010.??.??"]

1. Nc3 e5 2. Nf3 Nc6 3. d4 exd4 4. Nxd4 Bc5 5. Be3 Bb4 6. Qd3 Nf6 7. Bg5 O-O 8.
O-O-O Bxc3 9. bxc3 Ne5 10. Qg3 Qe7 11. Bxf6 Qxf6 12. f4 Ng6 13. e3 d5 14. h4
Ne7 1/2-1/2

[Event "XV  MIEDZYNARODOWY FESTIWAL  SZACHOWY "]
[Site "Rewal"]
[Date "2010.08.19"]
[Round "1.6"]
[White "Nasuta, Grzegorz"]
[Black "Oliwa, Marek"]
[Result "1/2-1/2"]
[WhiteElo "2102"]
[BlackElo "2418"]
[PlyCount "108"]
[EventDate "2010.??.??"]

1. e4 d6 2. d4 Nf6 3. Nc3 c6 4. f4 Qa5 5. Bd3 e5 6. dxe5 dxe5 7. Nf3 Bg4 8.
fxe5 Nfd7 9. h3 Bxf3 10. gxf3 Nxe5 11. f4 Nxd3+ 12. cxd3 Nd7 13. Be3 Bc5 14. d4
Bb4 15. Qc2 f5 16. Bd2 fxe4 17. Qxe4+ Kf7 18. O-O-O Nf6 19. Qc2 Rhd8 20. Rhg1
Rxd4 21. Rg5 Qa6 22. Rdg1 Rg8 23. a3 Be7 24. Be3 Rc4 25. Kb1 Bxa3 26. Qb3 Be7
27. Rc1 b5 28. Nxb5 cxb5 29. Rxb5 Qxb5 30. Qxb5 Rb4 31. Qa6 Rgb8 32. Rc2 Nd5
33. Qa2 Rb3 34. Bxa7 R8b5 35. Bd4 Kg6 36. Rg2+ Kf5 37. Qa7 Bf6 38. Qd7+ Ke4 39.
Bxf6 gxf6 40. Qe6+ Kd4 41. Rd2+ Rd3 42. Rxd3+ Kxd3 43. Qf5+ Kd4 44. Qxh7 Nxf4
45. Qh4 Ke4 46. Qe1+ Kd5 47. Qd2+ Ke4 48. Qc3 Rh5 49. Qxf6 Rxh3 50. b4 Rf3 51.
Qc6+ Nd5 52. Kb2 Ke5 53. Qe8+ Kd4 54. b5 Rf6 1/2-1/2

[Event "XV  MIEDZYNARODOWY FESTIWAL  SZACHOWY "]
[Site "Rewal"]
[Date "2010.08.19"]
[Round "1.8"]
[White "Mucha, Marcin"]
[Black "Rudolf, Michal"]
[Result "0-1"]
[WhiteElo "2088"]
[BlackElo "2372"]
[PlyCount "56"]
[EventDate "2010.??.??"]

1. d4 Nf6 2. c4 g6 3. Nc3 d5 4. cxd5 Nxd5 5. Na4 e5 6. dxe5 Nc6 7. e4 Ndb4 8.
Qxd8+ Nxd8 9. Rb1 Nxa2 10. Bd2 Nc6 11. Bc4 Nab4 12. f4 Na5 13. b3 Nxc4 14. bxc4
a5 15. Nf3 Be6 16. O-O Bxc4 17. Rfc1 Bb5 18. Nc5 b6 19. Nb3 c5 20. e6 f6 21.
Bxb4 axb4 22. Ra1 Ra3 23. Rxa3 bxa3 24. Ra1 c4 25. Nbd4 Ba4 26. Kf1 Bc5 27. Ne2
Bb4 28. e5 Ke7 0-1

[Event "XV  MIEDZYNARODOWY FESTIWAL  SZACHOWY "]
[Site "Rewal"]
[Date "2010.08.19"]
[Round "1.9"]
[White "Janaszak, Dawid"]
[Black "Kielar, Maciej"]
[Result "1/2-1/2"]
[WhiteElo "2318"]
[BlackElo "2055"]
[PlyCount "99"]
[EventDate "2010.??.??"]

1. e4 c5 2. Nf3 g6 3. d4 cxd4 4. Qxd4 Nf6 5. e5 Nc6 6. Qa4 Nd5 7. Qe4 Nc7 8.
Nc3 Bg7 9. Bc4 b5 10. Bb3 O-O 11. O-O Bb7 12. Bg5 Ne6 13. Bh4 Nc5 14. Qe3 Nxb3
15. axb3 Nb4 16. Nd4 a6 17. Rad1 Re8 18. f4 Qc7 19. Rfe1 d6 20. exd6 Qxd6 21.
Qf2 Qc7 22. f5 Be5 23. Ne4 Rad8 24. c3 Nd5 25. f6 exf6 26. Bxf6 Bxh2+ 27. Kh1
Rc8 28. c4 bxc4 29. Bg5 f5 30. bxc4 fxe4 31. cxd5 Bg3 32. Qe3 Bxe1 33. d6 Qxd6
34. Qxe1 Qe5 35. Qh4 Rc5 36. Be3 Qh5 37. Qxh5 Rxh5+ 38. Kg1 Rd5 39. Rc1 Rc8 40.
Rf1 g5 41. Rf6 Rc7 42. Nf5 g4 43. Bh6 Rd8 44. Bf4 Rcd7 45. Be5 e3 46. Nh6+ Kg7
47. Nf5+ Kg8 48. Nh6+ Kg7 49. Nf5+ Kg8 50. Nh6+ 1/2-1/2

[Event "XV  MIEDZYNARODOWY FESTIWAL  SZACHOWY "]
[Site "Rewal"]
[Date "2010.08.19"]
[Round "1.10"]
[White "Wiewiora, Eneasz"]
[Black "Korneevets, Alexander"]
[Result "0-1"]
[WhiteElo "2042"]
[BlackElo "2314"]
[PlyCount "73"]
[EventDate "2010.??.??"]

1. e4 d6 2. d4 Nf6 3. Nc3 e5 4. Nf3 Nbd7 5. g4 Nxg4 6. Rg1 exd4 7. Nxd4 Nde5 8.
h3 Nf6 9. f4 Nc6 10. Nxc6 bxc6 11. Qf3 Rb8 12. Bc4 Be6 13. Bb3 d5 14. exd5 Nxd5
15. Be3 Nxe3 16. Qxe3 Qh4+ 17. Ke2 Qxh3 18. Rg3 Qh5+ 19. Kf1 Bc5 20. Qe4 O-O
21. Kg2 Qf5 22. Qxc6 Bc8 23. Bd5 Qxc2+ 24. Kh1 Rxb2 25. Qh6 Qxc3 26. Rxc3 gxh6
27. Rxc5 Bb7 28. Rg1+ Kh8 29. Bxb7 Rxb7 30. Rc6 Rg8 31. Rgc1 Rc8 32. f5 h5 33.
f6 Rb6 34. Rxc7 Rxc7 35. Rxc7 Rxf6 36. Rxa7 Kg7 37. Kg2 0-1

[Event "XV  MIEDZYNARODOWY FESTIWAL  SZACHOWY "]
[Site "Rewal"]
[Date "2010.08.19"]
[Round "1.11"]
[White "Szczepkowska-horowska, Karina"]
[Black "Polok, Kacper"]
[Result "0-1"]
[WhiteElo "2298"]
[BlackElo "2041"]
[PlyCount "118"]
[EventDate "2010.??.??"]

1. e4 c5 2. Nf3 d6 3. c3 Nf6 4. h3 Nc6 5. Bd3 d5 6. exd5 Nxd5 7. Bb5 Bd7 8. O-O
g6 9. d4 cxd4 10. cxd4 Bg7 11. Bc4 Be6 12. Ng5 Nxd4 13. Nxe6 fxe6 14. Be3 Nf5
15. Bb5+ Kf7 16. Qe2 Rf8 17. Bc4 Ndxe3 18. fxe3 Qb6 19. Nc3 Bxc3 20. bxc3 Kg7
21. Rf3 e5 22. Bd5 Rad8 23. Be4 Qc7 24. c4 b6 25. Raf1 e6 26. Bb1 Qc5 27. g4
Nd6 28. Qf2 Nxc4 29. Rf7+ Kg8 30. Qf6 Qxe3+ 31. Kh1 Qxh3+ 32. Kg1 Qxg4+ 33. Kh1
Qh3+ 34. Kg1 Qxf1+ 35. Qxf1 Rxf7 36. Qxc4 Rd1+ 37. Kg2 Rxb1 38. Qxe6 Rbf1 39.
Qe8+ Kg7 40. Qxe5+ R1f6 41. a4 g5 42. Kh3 h6 43. Kg4 Kh7 44. Qe4+ Kg8 45. Kh5
Rf4 46. Qe6 Kh8 47. Qc8+ Kg7 48. Qc3+ R7f6 49. Qc7+ Kg8 50. Qc8+ Kh7 51. Qc2+
R4f5 52. Qc7+ Rf7 53. Qc2 Kg7 54. Qc3+ R5f6 55. Qc4 a6 56. Qb3 Rc7 57. Qd5 Re7
58. Qd8 Ref7 59. Qd5 Rf4 0-1

[Event "XV  MIEDZYNARODOWY FESTIWAL  SZACHOWY "]
[Site "Rewal"]
[Date "2010.08.19"]
[Round "1.12"]
[White "Rogala, Robert"]
[Black "Adamski, Jan"]
[Result "1/2-1/2"]
[WhiteElo "2037"]
[BlackElo "2287"]
[PlyCount "68"]
[EventDate "2010.??.??"]

1. d4 Nf6 2. c4 e6 3. Nc3 Bb4 4. f3 d5 5. a3 Bxc3+ 6. bxc3 c6 7. a4 O-O 8. Nh3
b6 9. Nf2 Ba6 10. e4 Bxc4 11. e5 Nfd7 12. Bxc4 dxc4 13. Qe2 c5 14. Ba3 Qc7 15.
Qxc4 Rc8 16. O-O cxd4 17. Qxc7 Rxc7 18. cxd4 Nc6 19. Rac1 Rcc8 20. Rfd1 Na5 21.
Ne4 Nc4 22. Nd6 Nxd6 23. Bxd6 f6 24. f4 Kf7 25. Kf2 a6 26. Ke3 b5 27. axb5 axb5
28. Rxc8 Rxc8 29. Rb1 Nb6 30. Rxb5 Nd5+ 31. Kf2 Rc2+ 32. Kf3 Rc3+ 33. Kf2 Rc2+
34. Kf3 Rc3+ 1/2-1/2

[Event "XV  MIEDZYNARODOWY FESTIWAL  SZACHOWY "]
[Site "Rewal"]
[Date "2010.08.19"]
[Round "1.13"]
[White "Jaracz, Barbara"]
[Black "Puczylowski, Marcin"]
[Result "1-0"]
[WhiteElo "2280"]
[BlackElo "2034"]
[PlyCount "55"]
[EventDate "2010.??.??"]

1. e4 c5 2. Nf3 Nc6 3. Bb5 Qc7 4. O-O d6 5. d4 cxd4 6. Nxd4 Bd7 7. Nc3 e6 8.
Bg5 h6 9. Bh4 g6 10. Bg3 Rd8 11. Bxc6 Bxc6 12. f4 Bg7 13. Nxc6 bxc6 14. f5 Nf6
15. fxg6 fxg6 16. e5 dxe5 17. Qe2 O-O 18. Bxe5 Qe7 19. Rae1 Rde8 20. Qd3 Kh7
21. Bd6 Qf7 22. Bxf8 Qxf8 23. Ne4 Qe7 24. Nxf6+ Bxf6 25. c3 Rd8 26. Qf3 Kg7 27.
Qxc6 Kf7 28. Rd1 1-0

[Event "XV  MIEDZYNARODOWY FESTIWAL  SZACHOWY "]
[Site "Rewal"]
[Date "2010.08.19"]
[Round "1.14"]
[White "Spicak, Krzysztof"]
[Black "Robak, Zbigniew"]
[Result "1/2-1/2"]
[WhiteElo "2026"]
[BlackElo "2278"]
[PlyCount "75"]
[EventDate "2010.??.??"]

1. d4 d5 2. c4 e6 3. Nf3 c6 4. Qc2 Nf6 5. g3 Nbd7 6. Bg2 Be7 7. O-O O-O 8. b3
b6 9. Rd1 Bb7 10. Nc3 Rc8 11. e4 Nxe4 12. Nxe4 dxe4 13. Qxe4 Ba8 14. Bb2 c5 15.
Qe2 cxd4 16. Nxd4 Bxg2 17. Kxg2 Qc7 18. f3 e5 19. Nb5 Qb7 20. Nd6 Bxd6 21. Rxd6
Rfe8 22. Qe4 Qxe4 23. fxe4 Nc5 24. Kf3 Ne6 25. Rad1 f6 26. Ke3 Rc7 27. R1d5 Kf7
28. Ba3 Kg6 29. Rd1 Kh5 30. h3 Ng5 31. Rh1 b5 32. c5 a5 33. b4 Ra8 34. Rd2 Ne6
35. Rc1 Nd4 36. bxa5 Nc6 37. Rb2 Rxa5 38. Bb4 1/2-1/2

[Event "XV  MIEDZYNARODOWY FESTIWAL  SZACHOWY "]
[Site "Rewal"]
[Date "2010.08.19"]
[Round "1.15"]
[White "Piesik, Piotr"]
[Black "Motyl, Tomasz"]
[Result "1-0"]
[WhiteElo "2264"]
[BlackElo "2015"]
[PlyCount "81"]
[EventDate "2010.??.??"]

1. Nf3 d6 2. d4 Bg4 3. e4 Nf6 4. Nbd2 c6 5. a4 Nbd7 6. g3 e5 7. dxe5 dxe5 8.
Bg2 Qc7 9. O-O Rd8 10. Qe2 Be7 11. b3 O-O 12. Bb2 Rfe8 13. Nc4 Bc5 14. Rfd1 b6
15. h3 Bxf3 16. Bxf3 a6 17. Qe1 b5 18. Qa5 Qa7 19. axb5 Bxf2+ 20. Kg2 cxb5 21.
Nd6 Rf8 22. Qxa6 Qxa6 23. Rxa6 Be3 24. Nxb5 Rc8 25. c4 Nc5 26. Ra3 Ncxe4 27.
Bxe4 Nxe4 28. Kf3 Bc5 29. Kxe4 f5+ 30. Kxe5 Rce8+ 31. Kd5 Rd8+ 32. Kxc5 Rxd1
33. Nd6 Rd3 34. b4 Rxa3 35. Bxa3 g5 36. Bc1 f4 37. gxf4 gxf4 38. Bxf4 Rxf4 39.
b5 Kf8 40. b6 Rf1 41. b7 1-0

[Event "XV  MIEDZYNARODOWY FESTIWAL  SZACHOWY "]
[Site "Rewal"]
[Date "2010.08.19"]
[Round "1.16"]
[White "Siedlinski, Piotr"]
[Black "Klekowski, Maciej"]
[Result "1/2-1/2"]
[WhiteElo "2000"]
[BlackElo "2247"]
[PlyCount "108"]
[EventDate "2010.??.??"]

1. e4 c5 2. Nf3 d6 3. d4 cxd4 4. Qxd4 a6 5. c4 Nc6 6. Qd1 g6 7. Nc3 Bg7 8. Be3
Nf6 9. h3 Bd7 10. Be2 O-O 11. O-O Rc8 12. Rc1 Na5 13. b3 b5 14. Nd5 Rb8 15.
Nxf6+ Bxf6 16. c5 dxc5 17. Rxc5 Be6 18. Qc2 Rc8 19. Rd1 Rxc5 20. Qxc5 Qa8 21.
e5 Bg7 22. Qxe7 Nc6 23. Qh4 Bf5 24. Nd4 Nxd4 25. Qxd4 Re8 26. f4 g5 27. Bf3 Qb8
28. Qd6 Qxd6 29. Rxd6 gxf4 30. Bxf4 Bxe5 31. Bxe5 Rxe5 32. Rxa6 Re1+ 33. Kf2
Rb1 34. Ke3 Rb2 35. Ra5 Bd7 36. Bd5 Be6 37. Rxb5 Bxd5 38. Rxd5 Rxg2 39. Ra5
Rg3+ 40. Kf2 Rxh3 41. b4 Rh4 42. b5 Rb4 43. a4 Kf8 44. Ra6 Ke7 45. b6 Kd7 46.
Ra7+ Kc8 47. a5 Kb8 48. Rxf7 Rb5 49. Ra7 h5 50. Kg3 Kc8 51. Kh4 Kb8 52. Kh3
Rb3+ 53. Kg2 h4 54. Rh7 Rb5 1/2-1/2

[Event "XV  MIEDZYNARODOWY FESTIWAL  SZACHOWY "]
[Site "Rewal"]
[Date "2010.08.19"]
[Round "1.17"]
[White "Klim, Kamil"]
[Black "Halamus, Agata"]
[Result "1-0"]
[WhiteElo "2245"]
[BlackElo "1996"]
[PlyCount "113"]
[EventDate "2010.??.??"]

1. d4 d5 2. c4 c6 3. Nf3 Nf6 4. Nc3 e6 5. e3 Nbd7 6. Qc2 Bd6 7. b3 Qe7 8. Bb2
b6 9. Be2 Bb7 10. O-O O-O 11. e4 Nxe4 12. Nxe4 dxe4 13. Qxe4 Rfe8 14. Bd3 Nf8
15. Rad1 Rad8 16. Qe3 Ng6 17. Rfe1 c5 18. Be4 Bf4 19. Qe2 cxd4 20. g3 Bxe4 21.
Qxe4 Bg5 22. Nxd4 Qc7 23. Nb5 Qb8 24. h4 Bd2 25. Re2 Bh6 26. Rxd8 Rxd8 27. Nd4
Qd6 28. Kg2 Rc8 29. Nf3 Qc6 30. Qxc6 Rxc6 31. h5 Ne7 32. Ne5 Rc8 33. Ng4 Rd8
34. Nxh6+ gxh6 35. Bf6 Rd7 36. Re4 Kf8 37. Rd4 Rxd4 38. Bxd4 Ke8 39. Kf3 Kd7
40. Ke4 Kd6 41. Bb2 Nc6 42. Ba3+ Kd7 43. g4 f6 44. Bf8 Ne5 45. f3 Nf7 46. a4
Kc6 47. Be7 Nd6+ 48. Kd4 Ne8 49. Bf8 a5 50. Bxh6 Nd6 51. Bf8 Nf7 52. Be7 f5 53.
gxf5 exf5 54. Bh4 Nd6 55. Bg3 Kd7 56. Kd5 Ne8 57. Bf2 1-0

[Event "XV  MIEDZYNARODOWY FESTIWAL  SZACHOWY "]
[Site "Rewal"]
[Date "2010.08.19"]
[Round "1.18"]
[White "Dobrowolski, Marcin"]
[Black "Skawinski, Arkadiusz"]
[Result "0-1"]
[WhiteElo "1964"]
[BlackElo "2233"]
[PlyCount "116"]
[EventDate "2010.??.??"]

1. d4 d5 2. c4 c6 3. Nc3 Nf6 4. Nf3 e6 5. e3 Nbd7 6. Qc2 a6 7. Be2 dxc4 8. Bxc4
b5 9. Be2 Bb7 10. O-O c5 11. Rd1 Rc8 12. dxc5 Rxc5 13. b4 Rh5 14. a3 Qb8 15. h3
Be7 16. e4 h6 17. Be3 O-O 18. Nd2 Rh4 19. g3 Rxh3 20. Kg2 Rh5 21. Bxh5 Nxh5 22.
Nb3 Qc8 23. Rac1 f5 24. f3 Ne5 25. Nd4 Kh8 26. Rh1 Nc4 27. Bf2 Nf6 28. exf5 Ng4
29. Qe2 Nge5 30. Ne4 exf5 31. Nc5 Bxc5 32. bxc5 Qxc5 33. Rc3 Qc8 34. Rh4 Bd5
35. Kg1 Re8 36. Qc2 Rf8 37. Rf4 g6 38. Qc1 Kg7 39. Rh4 g5 40. Rh5 Qe8 41. Rh2
Qg6 42. Qd1 Rd8 43. Qa1 Qf6 44. Be1 Kg8 45. Qb1 Bb7 46. Qxf5 Qxf5 47. Nxf5
Nxf3+ 48. Rxf3 Bxf3 49. Nxh6+ Kg7 50. Nf5+ Kf6 51. Rf2 g4 52. Nh4 Rd3 53. Nxf3
gxf3 54. a4 Ne5 55. axb5 axb5 56. Rb2 Rd1 57. Rxb5 Rxe1+ 58. Kf2 Re2+ 0-1

[Event "XV  MIEDZYNARODOWY FESTIWAL  SZACHOWY "]
[Site "Rewal"]
[Date "2010.08.19"]
[Round "1.19"]
[White "Gola, Karol"]
[Black "Kastelik, Adrian"]
[Result "1/2-1/2"]
[WhiteElo "2212"]
[BlackElo "1942"]
[PlyCount "49"]
[EventDate "2010.??.??"]

1. e4 e5 2. Nf3 Nc6 3. Nc3 Nf6 4. d4 exd4 5. Nxd4 Bb4 6. Nxc6 bxc6 7. Bd3 d5 8.
exd5 Qe7+ 9. Qe2 Nxd5 10. Qxe7+ Kxe7 11. Bd2 Nxc3 12. bxc3 Bd6 13. O-O Be6 14.
Rfe1 Kd7 15. c4 g6 16. Rad1 Rhe8 17. Be3 c5 18. Rb1 Reb8 19. Rb5 Rxb5 20. cxb5
c6 21. a4 cxb5 22. axb5 Rc8 23. Be4 Ke7 24. Ra1 Rc7 25. Ra6 1/2-1/2

[Event "XV  MIEDZYNARODOWY FESTIWAL  SZACHOWY "]
[Site "Rewal"]
[Date "2010.08.19"]
[Round "1.20"]
[White "Reza, Wojciech"]
[Black "Obrusnik, Michal"]
[Result "1-0"]
[WhiteElo "1940"]
[BlackElo "2196"]
[PlyCount "113"]
[EventDate "2010.??.??"]

1. e4 c5 2. Nf3 Nc6 3. Bb5 d6 4. Bxc6+ bxc6 5. Nc3 e5 6. d3 Be7 7. h3 f5 8. Qe2
Nf6 9. exf5 Bxf5 10. O-O O-O 11. Nh2 Nd5 12. Nxd5 cxd5 13. f4 Qc7 14. g4 Bc8
15. f5 d4 16. Nf3 Bb7 17. Ng5 Bxg5 18. Bxg5 Qc6 19. Kh2 Rae8 20. f6 gxf6 21.
Bxf6 e4 22. dxe4 d5 23. Qf2 dxe4 24. Qf4 h6 25. Qxh6 Qd6+ 26. Rf4 Rxf6 27. Qxf6
Qxf6 28. Rxf6 e3 29. Re1 Rd8 30. Rf5 c4 31. Re5 Rf8 32. Rd1 Rf2+ 33. Kg3 Rd2
34. Re1 Rxc2 35. Re7 Rxb2 36. Rd7 Rg2+ 37. Kf4 Rf2+ 38. Ke5 e2 39. Rxd4 c3 40.
Rd8+ Kg7 41. Rd7+ Kg6 42. Rxb7 c2 43. Rc7 Rf1 44. Rxe2 c1=Q 45. Rxc1 Rxc1 46.
Kf4 Rc4+ 47. Kg3 Ra4 48. Kh4 Ra3 49. Rc2 Ra6 50. Rd2 Ra5 51. Rd6+ Kg7 52. g5
Ra3 53. Kg4 Rxa2 54. Kh5 a5 55. Rd7+ Kf8 56. h4 a4 57. Kg6 1-0

[Event "XV  MIEDZYNARODOWY FESTIWAL  SZACHOWY "]
[Site "Rewal"]
[Date "2010.08.19"]
[Round "1.21"]
[White "Jozwicki, Jakub"]
[Black "Latocha, Aleksander"]
[Result "1/2-1/2"]
[WhiteElo "2195"]
[BlackElo "1929"]
[PlyCount "91"]
[EventDate "2010.??.??"]

1. c4 e6 2. Nf3 d5 3. b3 Nf6 4. g3 c5 5. Bg2 Nc6 6. O-O Be7 7. Nc3 O-O 8. d3 b6
9. Bf4 Bb7 10. cxd5 Nxd5 11. Nxd5 exd5 12. d4 cxd4 13. Ne5 Bf6 14. Nxc6 Bxc6
15. Qd3 Qd7 16. Rad1 Bb5 17. Qf3 Rac8 18. Rfe1 Rc3 19. Qxd5 Qxd5 20. Bxd5 Rc2
21. Rd2 Rfc8 22. a4 Ba6 23. Bc4 Rxd2 24. Bxa6 Rdc2 25. Bxc8 Rxc8 26. Rc1 Rxc1+
27. Bxc1 Be7 28. Bb2 Bc5 29. Kf1 f5 30. Ke1 Kf7 31. Kd2 Ke6 32. Kd3 Kd5 33. f3
g6 34. Bc1 a6 35. Bh6 b5 36. h3 Bd6 37. g4 Bg3 38. Bg7 Bf2 39. Bh6 Kc5 40. gxf5
gxf5 41. Bf8+ Kd5 42. Be7 Bg1 43. Bd8 Be3 44. Bb6 bxa4 45. bxa4 Bf2 46. Ba7
1/2-1/2

[Event "XV  MIEDZYNARODOWY FESTIWAL  SZACHOWY "]
[Site "Rewal"]
[Date "2010.08.19"]
[Round "1.22"]
[White "Sachryn, Krystian"]
[Black "Szuper, Paul"]
[Result "0-1"]
[WhiteElo "1862"]
[BlackElo "2192"]
[PlyCount "68"]
[EventDate "2010.??.??"]

1. c4 b6 2. Nf3 Bb7 3. Nc3 Nf6 4. d4 e6 5. Bg5 Bb4 6. a3 Bxc3+ 7. bxc3 h6 8.
Bxf6 Qxf6 9. Nd2 c5 10. dxc5 Qxc3 11. cxb6 axb6 12. Rb1 Rxa3 13. Rxb6 Ra1 14.
Rb1 Rxb1 15. Qxb1 O-O 16. e4 Nc6 17. Qb3 Qa1+ 18. Qb1 Ra8 19. Bd3 Ne5 20. O-O
Qxb1 21. Rxb1 Nxd3 22. Rxb7 Ra2 23. Nf1 Nxf2 24. Rxd7 Nxe4 25. Rd4 Re2 26. Rd8+
Kh7 27. Rd3 Kg6 28. Re3 Rxe3 29. Nxe3 Kf6 30. Kf1 Ke5 31. Ke2 Kd4 32. g4 g5 33.
Nc2+ Kxc4 34. Ke3 Nc3 0-1

[Event "XV  MIEDZYNARODOWY FESTIWAL  SZACHOWY "]
[Site "Rewal"]
[Date "2010.08.19"]
[Round "1.23"]
[White "Jagodzinski, Piotr"]
[Black "Gabrys, Sebastian"]
[Result "0-1"]
[WhiteElo "2189"]
[BlackElo "1833"]
[PlyCount "106"]
[EventDate "2010.??.??"]

1. e4 c5 2. Nf3 e6 3. c3 Nc6 4. d4 cxd4 5. cxd4 Nf6 6. Nc3 Bb4 7. e5 Ne4 8. Qc2
Qa5 9. Bd2 Nxd2 10. Qxd2 b6 11. Bd3 Bb7 12. O-O Ne7 13. Ng5 h6 14. Nge4 Nf5 15.
a3 Bxc3 16. Nxc3 Nxd4 17. Qf4 Nb3 18. Rad1 Ba6 19. Qf3 O-O 20. Bxa6 Qxa6 21.
Rxd7 Nc5 22. Rxf7 Nd3 23. Rxf8+ Rxf8 24. Qg4 Qc8 25. Qe2 Nf4 26. Qe4 Qc5 27.
Na4 Qb5 28. f3 Nd5 29. f4 Qb3 30. Rf3 Qd1+ 31. Rf1 Qd2 32. g3 Ne3 33. Rb1 Ng4
34. Qf3 Qxh2+ 35. Kf1 Qc2 36. Qxg4 Qxb1+ 37. Kg2 Qc2+ 38. Kh3 Qxa4 39. Qxe6+
Kh8 40. Qe7 Re8 41. Qf7 Qc6 42. Qxa7 Qc8+ 43. Kh2 Qc2+ 44. Kh3 Qxb2 45. Qd7 Rg8
46. Qd6 Qb5 47. Kh4 Qe8 48. Kg4 Qd8 49. Qg6 Qd7+ 50. Kh4 Qe7+ 51. Kg4 b5 52.
Qa6 Qd7+ 53. e6 Qd5 0-1

[Event "XV  MIEDZYNARODOWY FESTIWAL  SZACHOWY "]
[Site "Rewal"]
[Date "2010.08.19"]
[Round "1.24"]
[White "Gorol, Magdalena"]
[Black "Wandzik, Wojciech"]
[Result "0-1"]
[WhiteElo "1787"]
[BlackElo "2151"]
[PlyCount "64"]
[EventDate "2010.??.??"]

1. e4 c5 2. Nc3 Nc6 3. f4 e6 4. d3 d5 5. g3 Nf6 6. Bg2 dxe4 7. dxe4 Qxd1+ 8.
Nxd1 Bd7 9. Ne3 O-O-O 10. Bd2 Be7 11. O-O-O h5 12. Nh3 Ng4 13. Bf3 Nd4 14. Bxg4
hxg4 15. Nf2 f5 16. exf5 Bc6 17. Rhf1 exf5 18. Kb1 Bf3 19. Rde1 g6 20. Nexg4
fxg4 21. Rxe7 Nc6 22. Bc3 Nxe7 23. Bxh8 Rxh8 24. Nd3 Be2 25. Re1 Bxd3 26. cxd3
Kd7 27. Re2 Nf5 28. a3 Re8 29. Rf2 Nd4 30. Ka2 Kd6 31. a4 Kd5 32. Ka3 Re2 0-1

[Event "XV  MIEDZYNARODOWY FESTIWAL  SZACHOWY "]
[Site "Rewal"]
[Date "2010.08.19"]
[Round "1.25"]
[White "Sroka, Janusz"]
[Black "Mrozewicz, Ryszard"]
[Result "1-0"]
[WhiteElo "2148"]
[BlackElo "1669"]
[PlyCount "61"]
[EventDate "2010.??.??"]

1. e4 d5 2. exd5 Nf6 3. d4 Qxd5 4. c4 Qd8 5. Nf3 Bg4 6. Be3 Nbd7 7. Be2 e6 8.
O-O Be7 9. Qb3 O-O 10. Nc3 b6 11. h3 Bh5 12. Rfd1 Qc8 13. Rac1 Re8 14. Bf4 a6
15. Rd2 Bd6 16. Be5 Rb8 17. Bxd6 cxd6 18. Qa3 d5 19. cxd5 Bxf3 20. Bxf3 exd5
21. Rdc2 Qb7 22. Qb3 Re7 23. Bxd5 Qc7 24. Ne4 Qf4 25. g3 Qh6 26. Rc8+ Rxc8 27.
Rxc8+ Nf8 28. Nd6 Nxd5 29. Qxd5 Qxh3 30. Rxf8+ Kxf8 31. Qa8+ 1-0

[Event "XV  MIEDZYNARODOWY FESTIWAL  SZACHOWY "]
[Site "Rewal"]
[Date "2010.08.20"]
[Round "2.1"]
[White "Skawinski, Arkadiusz"]
[Black "Jaracz, Pawel"]
[Result "0-1"]
[WhiteElo "2233"]
[BlackElo "2541"]
[PlyCount "88"]
[EventDate "2010.08.20"]

1. e4 c5 2. c3 Nf6 3. e5 Nd5 4. d4 cxd4 5. Nf3 d6 6. Bc4 Nb6 7. Bb3 dxe5 8.
Nxe5 e6 9. O-O Nc6 10. Nxc6 bxc6 11. cxd4 Be7 12. Nc3 Ba6 13. Re1 O-O 14. Bf4
Bc4 15. Be5 Bd5 16. Qg4 g6 17. Re3 Nd7 18. Rh3 a5 19. Bc2 Bf6 20. Bxf6 Qxf6 21.
Rd1 Rab8 22. b3 Rfd8 23. Be4 Rb4 24. Rf3 Qe7 25. Bxd5 cxd5 26. Re3 Nf6 27. Qg5
h6 28. Qf4 Kg7 29. Rf3 Ne8 30. Re1 Qf6 31. Qxf6+ Nxf6 32. Rd3 Rc8 33. Kf1 Ne8
34. Ke2 Nd6 35. Kd2 Nf5 36. Ne2 a4 37. Rc1 Ra8 38. Kc3 Rb7 39. Kb2 axb3 40.
Rxb3 Rba7 41. a3 Nd6 42. Ra1 Nc4+ 43. Kc3 Nxa3 44. Kd3 Nc4 0-1

[Event "XV  MIEDZYNARODOWY FESTIWAL  SZACHOWY "]
[Site "Rewal"]
[Date "2010.08.20"]
[Round "2.2"]
[White "Cyborowski, Lukasz"]
[Black "Klim, Kamil"]
[Result "1/2-1/2"]
[WhiteElo "2529"]
[BlackElo "2245"]
[PlyCount "39"]
[EventDate "2010.08.20"]

1. d4 Nf6 2. c4 g6 3. Nc3 Bg7 4. e4 O-O 5. Bg5 c5 6. d5 h6 7. Bh4 d6 8. Bd3 e6
9. Nge2 exd5 10. cxd5 Re8 11. O-O a6 12. a4 Nbd7 13. Bc2 g5 14. Bg3 Ne5 15. Qc1
c4 16. Qd2 Nh5 17. Nd1 Bd7 18. a5 Rc8 19. Ne3 Nxg3 20. hxg3 1/2-1/2